Matematika pre 1. ročník gymnázií algebra : rovnice a nerovnice

Bibliographic Details
Main Authors: Smida, Jozef (matematik) (Author, Translator), Šedivý, Jaroslav, 1934-1988 (Author), Lukátšová, Júlia (Author), Vocelka, Jindřich, 1938- (Author)
Format: Book
Language:Slovak
Czech
PhysicalDescription:128 s. grafy, tab. 20 cm
Published: Bratislava Slovenské pedagogické nakladateľstvo 1994
ISBN:8008024151
Edition:3. upr. vyd.
Subjects:

MARC

LEADER 00000cam a2200000 a 4500
001 vtls001076107
003 SK-MaSNL
005 20260302063930.0
008 160414s1994 xo np 00000 slo
015 |a SNBA1994/09 
020 |a 8008024151 
035 |a SNK000018940 
040 |a SNK  |b slo  |c SNK  |e AACR2 
041 1 |a slo  |h cze 
044 |a xo  |c SK 
080 |a 512(075.3)  |2 1981 
245 0 0 |a Matematika pre 1. ročník gymnázií  |b algebra : rovnice a nerovnice  |c Jozef Smida, Jaroslav Šedivý, Júlia Lukátšová, Jindřich Vocelka ; české časti preložil Jozef Smida 
250 |a 3. upr. vyd. 
260 |a Bratislava  |b Slovenské pedagogické nakladateľstvo  |c 1994  |e Bratislava  |f Svornosť 
300 |a 128 s.  |b grafy, tab.  |c 20 cm 
650 0 7 |a matematika  |2 SNKPH  |9 70174 
650 0 7 |a algebra  |2 SNKPH  |9 1101 
655 7 |a učebnice stredných škôl  |2 SNKPH  |9 69323 
700 1 |a Smida, Jozef  |c (matematik)  |4 aut  |4 trl  |9 198409 
700 1 |a Šedivý, Jaroslav,  |d 1934-1988  |4 aut  |9 258256 
700 1 |a Lukátšová, Júlia  |4 aut  |9 6303 
700 1 |a Vocelka, Jindřich,  |d 1938-  |4 aut 
852 |a Slovenská národná knižnica 
919 |a 80-08-02415-1 
954 |a odborná, vedecká literatúra pôvodná (slovenská)  |2 lita 
954 |a odborná, vedecká literatúra cudzojazyčná (svetová)  |2 lita 
958 |a TL 
958 |a UC 
999 |c 1134873  |d 1136803 
952 |t P60, <04>, [BOOK], {604}  |a SNK  |b SNK  |y VYP  |7 0  |p 17A0026392  |o snkSC 86451 D1  |0 0  |1 0  |4 0  |d 1996-12-07  |l 0  |r 2004-12-31 00:00:00  |w 2026-02-24